000 00315nam a22001337a 4500
008 170131b xxu||||| |||| 00| 0 eng d
020 _a0122807212
041 _aeng
080 _22ND
_a61
100 _a3
101 _aSHM
245 _aMONOVLONAL ANTIBODIES: PRINCIPLES AND PRACTICE
_cGODING, J.W
942 _2udc
_cBK
999 _c4140
_d4140